Induction and development of somatic embryos from two high yielding clones of rubber tree (Hevea brasiliensis Muell. Arg.) (Record no. 74423)

MARC details
000 -LEADER
fixed length control field 00567nam a2200157Ia 4500
100 ## - MAIN ENTRY--AUTHOR NAME
Personal name Divya S. Remanan
245 #0 - TITLE STATEMENT
Title Induction and development of somatic embryos from two high yielding clones of rubber tree (Hevea brasiliensis Muell. Arg.)
260 ## - PUBLICATION, DISTRIBUTION, ETC. (IMPRINT)
Name of publisher Mahatma Gandhi University
Place of publication Kottayam
Year of publication 2007
300 ## - PHYSICAL DESCRIPTION
Number of Pages 51
500 ## - GENERAL NOTE
General note Available at Biotechnology
500 ## - GENERAL NOTE
General note Course: M.Sc.
700 ## - ADDED ENTRY--PERSONAL NAME
Personal name Dr S Sushamakumari
850 ## - HOLDING INSTITUTION
Holding institution School of Biosciences, Mahatma Gandhi University, Kottayam, India
942 ## - ADDED ENTRY ELEMENTS (KOHA)
Koha item type Theses
Holdings
Withdrawn status Lost status Damaged status Not for loan Collection code Home library Current library Shelving location Date acquired Koha item type
      Theses Dissertation RRII Library RRII Library Biotechnology 31/12/2021 Theses